Top 10 - Buteurs en Ligue 1 saison 16/17 - Statistiques

Statistiques générales
  • Ce quiz a été pris 60 fois
  • Le résultat moyen est 6 sur 10
Statistiques - réponses
Club Buts Joueur % Correct
Olympique Lyonnais 28 Alexandre Lacazette
100%
Paris Saint-Germain 35 Edinson Cavani
100%
AS Monaco 21 Radamel Falcao
87%
Olympique de Marseille 15 Florian Thauvin
77%
AS Monaco 15 Kylian Mbappé
75%
OGC Nice 15 Mario Balotelli
62%
Olympique de Marseille 20 Bafetimbi Gomis
50%
SM Caen 15 Ivan Santini
29%
Lille OSC 14 Nicolas de Preville
15%
Montpellier HSC 14 Steve Mounie
10%
Aucun quiz correspondant
Distribution des résultats
% des personnes avec chaque résultat
Percentile par nombre de réponses
Votre historique - résultats
Vous n’avez pas pris ce quiz